[Event "Najdorf Mem Open A 2014"]
[Site "Warsaw POL"]
[Date "2014.07.14"]
[Round "1.1"]
[White "Nurkiewicz, Maciej"]
[Black "Areshchenko, Alexander"]
[Result "0-1"]
[BlackTitle "GM"]
[WhiteElo "2392"]
[BlackElo "2701"]
[WhiteFideId "1107046"]
[BlackFideId "14109530"]
[EventDate "2014.07.14"]

1. e4 c5 2. Nf3 d6 3. d4 cxd4 4. Nxd4 Nf6 5. Nc3 a6 6. Be3 e5 7. Nb3 Be6 8. f4
b5 9. f5 Bd7 10. Qf3 h5 11. O-O-O Bc6 12. g3 Nbd7 13. h3 Qc7 14. Bd3 b4 15. Nd5
Nxd5 16. exd5 Bb7 17. Nd2 Nf6 18. Bg5 Bxd5 19. Ne4 Nxe4 20. Bxe4 Bxe4 21. Qxe4
Rc8 22. Rhe1 f6 23. Be3 Be7 24. Rd2 Qc4 25. Qb7 Kf7 26. b3 Qc6 27. Qxc6 Rxc6 28.
Rd5 g6 29. g4 hxg4 30. hxg4 gxf5 31. gxf5 Rh5 32. Rf1 Bd8 33. Rf2 Rh3 34. Ba7
Bc7 35. Rd1 Rcc3 36. Rg1 Rcf3 37. Rgf1 Rxf2 38. Rxf2 d5 39. Bc5 a5 0-1

[Event "Najdorf Mem Open A 2014"]
[Site "Warsaw POL"]
[Date "2014.07.14"]
[Round "1.2"]
[White "Cheparinov, Ivan"]
[Black "Ben Artzi, Ido"]
[Result "1-0"]
[WhiteTitle "GM"]
[BlackTitle "FM"]
[WhiteElo "2690"]
[BlackElo "2392"]
[WhiteFideId "2905540"]
[BlackFideId "2810913"]
[EventDate "2014.07.14"]

1. d4 Nf6 2. c4 g6 3. Nf3 Bg7 4. g3 d5 5. Bg2 dxc4 6. O-O O-O 7. Na3 c3 8. bxc3
c5 9. e3 Nc6 10. Qe2 Qa5 11. Bb2 Ne4 12. Rfc1 Be6 13. Ne1 f5 14. Nd3 b6 15. f3
Nd6 16. Nf4 Bf7 17. d5 Ne5 18. c4 g5 19. Nh3 Nd3 20. Bxg7 Nxc1 21. Rxc1 Kxg7 22.
Nb1 h6 23. f4 g4 24. Nf2 b5 25. e4 fxe4 26. Nxe4 bxc4 27. Qxg4+ Bg6 28. Nbc3 Nf5
29. Qe2 Rab8 30. Nd2 Qa3 31. Qe1 Ne3 32. Ndb1 Bxb1 33. Qxe3 Bf5 34. Re1 Rb2 35.
Qe5+ Kg8 36. d6 e6 37. Be4 Bxe4 38. Qxe6+ Kg7 39. Qe5+ Kg8 40. Qe6+ Kg7 41. Nxe4
Qb4 42. Qe5+ Kh7 43. Ng5+ hxg5 44. Qe7+ Kg8 45. Qxg5+ Kh8 46. Qh6+ Kg8 47. Qg6+
Kh8 48. Re7 Rb1+ 49. Kg2 Qb2+ 50. Kh3 1-0

[Event "Najdorf Mem Open A 2014"]
[Site "Warsaw POL"]
[Date "2014.07.14"]
[Round "1.3"]
[White "Klekowski, Maciej"]
[Black "Fedoseev, Vladimir3"]
[Result "0-1"]
[BlackTitle "GM"]
[WhiteElo "2385"]
[BlackElo "2668"]
[WhiteFideId "1132717"]
[BlackFideId "24130737"]
[EventDate "2014.07.14"]

1. c4 e5 2. g3 Nf6 3. Bg2 c6 4. d4 exd4 5. Qxd4 Na6 6. Nc3 Bc5 7. Qd2 d5 8. cxd5
cxd5 9. e3 Bf5 10. Nge2 Nb4 11. O-O O-O 12. a3 Nd3 13. Nf4 d4 14. exd4 Qxd4 15.
Nxd3 Bxd3 16. Rd1 Rad8 17. b4 Bb6 18. Bb2 Qg4 19. Qf4 Qxf4 20. gxf4 Ng4 21. Nd5
Bxf2+ 22. Kh1 Bb6 23. Re1 Nf2+ 24. Kg1 Rxd5 25. Bxd5 Nd1+ 26. Kg2 Nxb2 27. Re7
Bb5 28. Bxb7 Rd8 29. Be4 Nd3 30. Bxd3 Rxd3 0-1

[Event "Najdorf Mem Open A 2014"]
[Site "Warsaw POL"]
[Date "2014.07.14"]
[Round "1.4"]
[White "Melkumyan, Hrant"]
[Black "Vydeslaver, Alik"]
[Result "1-0"]
[WhiteTitle "GM"]
[BlackTitle "IM"]
[WhiteElo "2647"]
[BlackElo "2384"]
[WhiteFideId "13302485"]
[BlackFideId "2801876"]
[EventDate "2014.07.14"]

1. d4 Nf6 2. c4 e6 3. Nc3 Bb4 4. Nf3 O-O 5. Bg5 h6 6. Bh4 c5 7. e3 Qa5 8. Bxf6
Bxc3+ 9. bxc3 Qxc3+ 10. Nd2 gxf6 11. Rb1 d6 12. Rb3 Qa5 13. Bd3 e5 14. O-O Nc6
15. d5 Nb4 16. Bb1 f5 17. a3 Na6 18. Nf3 Qd8 19. g3 Qf6 20. Nh4 Nc7 21. Bxf5
Bxf5 22. Qf3 b5 23. Qxf5 Qxf5 24. Nxf5 Rfd8 25. e4 a6 26. Nxh6+ Kg7 27. Nf5+ Kf6
28. Ne3 Rab8 29. Rfb1 Rb6 30. a4 b4 31. a5 Rbb8 32. Nf5 Rd7 33. h4 Kg6 34. Kg2
Rh8 35. Rf1 Ne8 36. f4 f6 37. g4 exf4 38. Rxf4 Rg8 39. Kh3 Rb7 40. Rf2 Rf8 41.
Kg2 Rd7 42. Rbf3 Rh8 43. Kf1 Kh7 44. Ke2 Kg6 45. Kd3 Kh7 46. Kc2 Kg6 47. Rg2 Ng7
48. h5+ Kh7 49. Nh4 Ne8 50. Ng6 Rg8 51. g5 Rf7 52. Nh4 Kh8 53. g6 Re7 54. Rg4 1-0

[Event "Najdorf Mem Open A 2014"]
[Site "Warsaw POL"]
[Date "2014.07.14"]
[Round "1.5"]
[White "Czerwonski, Aleksander"]
[Black "Shimanov, Aleksandr"]
[Result "0-1"]
[WhiteTitle "IM"]
[BlackTitle "GM"]
[WhiteElo "2380"]
[BlackElo "2644"]
[WhiteFideId "1100459"]
[BlackFideId "4198603"]
[EventDate "2014.07.14"]

1. d4 f5 2. Nf3 Nf6 3. c4 g6 4. g3 Bg7 5. Bg2 O-O 6. O-O d6 7. Nc3 c6 8. d5 e5
9. dxe6 Bxe6 10. b3 Qe7 11. Bb2 Na6 12. Qd2 Nc5 13. Rad1 Rad8 14. Nd4 Bf7 15. e3
Rfe8 16. Qc2 a5 17. Rfe1 Qc7 18. h3 Qb6 19. Rb1 d5 20. cxd5 Nxd5 21. Nxd5 Bxd5
22. Rbc1 Na6 23. Bxd5+ Rxd5 24. a3 Nc5 25. Rb1 Ne4 26. Nf3 Bxb2 27. Qxb2 Red8
28. b4 axb4 29. axb4 Qc7 30. Kg2 Rd2 31. Nxd2 Rxd2 32. Qb3+ Kf8 0-1

[Event "Najdorf Mem Open A 2014"]
[Site "Warsaw POL"]
[Date "2014.07.14"]
[Round "1.6"]
[White "Ragger, Markus"]
[Black "Schroeder, Jan-Christian"]
[Result "1-0"]
[WhiteTitle "GM"]
[BlackTitle "FM"]
[WhiteElo "2639"]
[BlackElo "2370"]
[WhiteFideId "1610856"]
[BlackFideId "24662259"]
[EventDate "2014.07.14"]

1. d4 d5 2. c4 e6 3. Nf3 Nf6 4. g3 Be7 5. Bg2 O-O 6. O-O dxc4 7. Qc2 a6 8. a4
Bd7 9. Qxc4 Bc6 10. Bf4 a5 11. Nc3 Na6 12. Rac1 Rc8 13. Rfe1 Nb4 14. e4 b6 15.
Ne5 Bb7 16. Red1 Nd7 17. Nb5 Nxe5 18. dxe5 Qe8 19. Qe2 Bc5 20. Bg5 h6 21. Be3
Bxe3 22. Qxe3 Qe7 23. f4 Rfe8 24. Bf1 Red8 25. Rxd8+ Qxd8 26. Bc4 Nc2 27. Qf2
Bxe4 28. Qe2 Bh7 29. Rxc2 Bxc2 30. Qxc2 Qe7 31. Bf1 Qd7 32. h4 h5 33. Be2 g6 34.
Kf2 Kg7 35. Bd3 Rd8 36. Ke2 Qd5 37. Be4 Qa2 38. Bxg6 Qa1 39. Bxf7 1-0

[Event "Najdorf Mem Open A 2014"]
[Site "Warsaw POL"]
[Date "2014.07.14"]
[Round "1.7"]
[White "Przedmojski, Rafal"]
[Black "Agdestein, Simen"]
[Result "0-1"]
[BlackTitle "GM"]
[WhiteElo "2367"]
[BlackElo "2637"]
[WhiteFideId "1102451"]
[BlackFideId "1500015"]
[EventDate "2014.07.14"]

1. b3 e5 2. Bb2 d6 3. e3 Nf6 4. Ne2 g6 5. d4 Nbd7 6. c4 Bg7 7. Nbc3 h5 8. h3 O-O
9. d5 a6 10. Nc1 e4 11. a4 Ne5 12. Ra2 Bf5 13. N3e2 Re8 14. Ng3 Bd7 15. Be2 c6
16. dxc6 Bxc6 17. b4 Qc7 18. Bxe5 Rxe5 19. Nb3 h4 20. Nf1 Rg5 21. g3 hxg3 22.
Nxg3 d5 23. c5 Rxg3 24. fxg3 Qxg3+ 25. Kd2 d4 26. Nxd4 Rd8 27. Qg1 Rxd4+ 28.
exd4 Qb3 29. Qa1 Nd5 30. Ke1 Qg3+ 31. Kd1 Nc3+ 32. Kc2 Nxe2 33. Rd1 Bd5 34. Ra3
Qf2 35. Kb1 Bxd4 36. Rxd4 Nxd4 37. Qc3 Qf1+ 38. Kb2 Ne2 39. Qd2 Qf6+ 40. Kb1 Bc4
41. Re3 Bd3+ 42. Ka2 Qe6+ 43. Ka3 Qc4 44. h4 Nc3 0-1

[Event "Najdorf Mem Open A 2014"]
[Site "Warsaw POL"]
[Date "2014.07.14"]
[Round "1.8"]
[White "Beliavsky, Alexander G"]
[Black "Korchmar, Vasiliy"]
[Result "1/2-1/2"]
[WhiteTitle "GM"]
[BlackTitle "FM"]
[WhiteElo "2631"]
[BlackElo "2352"]
[WhiteFideId "14602377"]
[BlackFideId "24131750"]
[EventDate "2014.07.14"]

1. d4 d5 2. c4 c6 3. Nf3 Nf6 4. e3 Bg4 5. h3 Bh5 6. Nc3 e6 7. g4 Bg6 8. Ne5 Nbd7
9. Nxg6 hxg6 10. cxd5 exd5 11. Bd2 Bb4 12. Bg2 Qe7 13. Qc2 Nb6 14. b3 Bxc3 15.
Bxc3 Ne4 16. Bb2 Qb4+ 17. Ke2 f5 18. a4 Qa5 19. Rhd1 Nd7 20. f3 Nd6 21. Ba3 Qc7
22. Kd3 O-O-O 23. Kc3 Rde8 24. Re1 Re6 25. Re2 Rhe8 26. Rae1 Kb8 27. Kb2 Rf6 28.
Ka2 Ka8 29. Qc3 Rfe6 30. Qd3 Rf6 31. Rc2 Rfe6 32. Ree2 Nb8 33. Re1 Qf7 34. Rce2
Qf6 35. Qc3 Qd8 36. Rg1 Na6 37. Ree1 Nb8 38. Bc1 Qf6 39. Bd2 Qe7 40. Kb2 Qf6 41.
Rc1 Qh4 42. Be1 Qf6 43. Bd2 Qh4 44. Be1 Qf6 1/2-1/2

[Event "Najdorf Mem Open A 2014"]
[Site "Warsaw POL"]
[Date "2014.07.14"]
[Round "1.10"]
[White "Krasenkow, Michal"]
[Black "Barle, Janez"]
[Result "1-0"]
[WhiteTitle "GM"]
[BlackTitle "IM"]
[WhiteElo "2623"]
[BlackElo "2345"]
[WhiteFideId "1113100"]
[BlackFideId "14600021"]
[EventDate "2014.07.14"]

1. Nf3 Nc6 2. d4 d5 3. g3 Bf5 4. Bg2 e6 5. O-O Nf6 6. c4 dxc4 7. Nc3 Nd5 8. Re1
Bb4 9. e4 Bxe4 10. Nxe4 Bxe1 11. Qxe1 O-O 12. Bg5 f6 13. Bd2 Re8 14. Rc1 f5 15.
Nc5 b6 16. Na6 Qc8 17. Rxc4 Na5 18. Bf1 Nxc4 19. Bxc4 c6 20. Ne5 Qb7 21. Nb4
Nxb4 22. Bxb4 a5 23. Bd2 Rad8 24. Be3 Qc7 25. Qc3 Rd6 26. Bf4 Qd8 27. Bb3 g5 28.
Be3 h6 29. Nxc6 Qc7 30. Ne5 Qxc3 31. bxc3 b5 32. Nd3 a4 33. Bc2 Rc8 34. Nc5 Kf7
35. f4 g4 36. a3 h5 37. h4 Ke7 38. Kf2 Rb8 39. Ke2 Rc6 40. Kd2 Rcb6 41. Nd3 Rc6
42. Nb4 Rc4 43. Bd3 Rxb4 44. cxb4 Kd6 45. Bf1 Kd7 46. Bg2 Kd6 47. Kd3 Rd8 48.
Bd2 Rc8 49. Bc3 Rc4 50. Kd2 Rc8 51. d5 exd5 52. Bf1 Kc6 53. Bd3 Rf8 54. Bd4 Rf7
55. Bc5 Rf6 56. Kc3 Re6 57. Kd2 Rf6 58. Kd1 Rf7 59. Kc2 d4 60. Bxd4 Kd5 61. Bc5
Rf6 62. Kc3 Re6 63. Bxb5 Re1 64. Bxa4 Rf1 65. Bb3+ Ke4 66. b5 Rf3+ 67. Kb4 Rxg3
68. b6 1-0

[Event "Najdorf Mem Open A 2014"]
[Site "Warsaw POL"]
[Date "2014.07.14"]
[Round "1.11"]
[White "Deszczynski, Adam"]
[Black "Socko, Bartosz"]
[Result "1/2-1/2"]
[BlackTitle "GM"]
[WhiteElo "2341"]
[BlackElo "2616"]
[WhiteFideId "1102753"]
[BlackFideId "1107038"]
[EventDate "2014.07.14"]

1. e4 e6 2. d4 d5 3. Nd2 Nf6 4. Bd3 c5 5. e5 Nfd7 6. c3 b6 7. Ne2 Ba6 8. Bb1 Nc6
9. Nf3 Qc7 10. O-O Rc8 11. Be3 Be7 12. Re1 h6 13. h4 Bb5 14. Nf4 a5 15. Nh5 g6
16. Nf4 Nf8 17. Nd3 Nd7 18. Nf4 Nf8 19. Nd3 Qa7 20. Qd2 h5 21. Bg5 Bxg5 22. Qxg5
Qe7 23. Qe3 Nd7 24. Nf4 Nf8 25. b3 a4 26. Bc2 a3 27. Rac1 Ba6 28. Bb1 c4 29. Bc2
Kd7 30. Rb1 Kc7 31. Qc1 Ra8 32. g3 Nd7 33. Kg2 Rhc8 34. Ng5 Kb7 35. b4 Bb5 36.
Qd1 Ndb8 37. Re3 Nd8 38. Rf3 Rc7 39. Nfh3 Qe8 40. Rf4 Ba4 41. Bxa4 Rxa4 42. Qc2
Ra7 43. Qe2 1/2-1/2

[Event "Najdorf Mem Open A 2014"]
[Site "Warsaw POL"]
[Date "2014.07.14"]
[Round "1.12"]
[White "Mista, Aleksander"]
[Black "Nguyen, Piotr"]
[Result "1-0"]
[WhiteTitle "GM"]
[WhiteElo "2609"]
[BlackElo "2339"]
[WhiteFideId "1110381"]
[BlackFideId "1127993"]
[EventDate "2014.07.14"]

1. e4 c5 2. Nf3 g6 3. d4 cxd4 4. Nxd4 Nc6 5. Nc3 Bg7 6. Be3 Nf6 7. Bc4 O-O 8.
Bb3 a5 9. O-O a4 10. Nxa4 Nxe4 11. Nb5 Ra6 12. c4 d6 13. Qe2 Nf6 14. h3 Na5 15.
Bc2 Be6 16. b3 Qc8 17. Rac1 Nc6 18. Rfd1 Ne5 19. f4 Neg4 20. hxg4 Bxg4 21. Qe1
Bxd1 22. Bxd1 e5 23. Bf3 Re8 24. Qd2 exf4 25. Bxf4 Ne4 26. Qd5 Qc6 27. Qxc6 Rxc6
28. Re1 f5 29. Nac3 Be5 30. Nxe4 fxe4 31. Rxe4 Re7 32. Re2 Ra6 33. c5 1-0

[Event "Najdorf Mem Open A 2014"]
[Site "Warsaw POL"]
[Date "2014.07.14"]
[Round "1.13"]
[White "Loos, Roland"]
[Black "Macieja, Bartlomiej"]
[Result "0-1"]
[BlackTitle "GM"]
[WhiteElo "2335"]
[BlackElo "2607"]
[WhiteFideId "4643232"]
[BlackFideId "1104306"]
[EventDate "2014.07.14"]

1. d4 Nf6 2. c4 e6 3. Nf3 Bb4+ 4. Bd2 c5 5. g3 Qb6 6. a3 Bxd2+ 7. Qxd2 Nc6 8.
dxc5 Qxc5 9. e3 b6 10. b4 Qh5 11. Bg2 Bb7 12. Nd4 Nxd4 13. Bxb7 Nf3+ 14. Bxf3
Qxf3 15. O-O Ne4 16. Qd1 Qxd1 17. Rxd1 Ke7 18. Rd4 f5 19. Ra2 Rhc8 20. f3 Nd6
21. Rad2 Nxc4 22. Rxd7+ Kf6 23. Re2 Ne5 24. Rd1 Nxf3+ 25. Kg2 Ng5 26. Nd2 Rc3
27. e4 g6 28. exf5 gxf5 29. h4 Nf7 30. Nf3 Rg8 31. Rd7 f4 32. g4 Rxg4+ 33. Kf2
Rg3 34. Nd2 Ne5 35. Ne4+ Kg6 36. Nxc3 Nxd7 37. Rxe6+ Kf5 38. Re7 Rxc3 39. Rxd7
Rxa3 40. Rxh7 Kg4 41. h5 Ra2+ 42. Kg1 Ra1+ 43. Kh2 Ra4 44. h6 Kg5 45. Rf7 Kxh6
46. Rxf4 Kg5 47. Rf7 b5 48. Kg3 a6 49. Ra7 Kf5 50. Kf3 Ke5 51. Ke3 Kd5 52. Kd3
Ra3+ 53. Kc2 Kc4 54. Rh7 Kxb4 55. Rh4+ Ka5 56. Rh6 b4 57. Kb2 Kb5 58. Rh5+ Ka4
59. Rh4 a5 60. Rh5 Rg3 61. Ka2 b3+ 62. Kb2 Rg2+ 63. Kb1 Kb4 64. Rh4+ Ka3 0-1

[Event "Najdorf Mem Open A 2014"]
[Site "Warsaw POL"]
[Date "2014.07.14"]
[Round "1.14"]
[White "Rozentalis, Eduardas"]
[Black "Lewtak, Damian"]
[Result "1-0"]
[WhiteTitle "GM"]
[WhiteElo "2603"]
[BlackElo "2331"]
[WhiteFideId "12800023"]
[BlackFideId "1141724"]
[EventDate "2014.07.14"]

1. e4 e6 2. d4 d5 3. Nd2 dxe4 4. Nxe4 Nd7 5. Nf3 Ngf6 6. Nxf6+ Nxf6 7. c3 c5 8.
Ne5 a6 9. Qa4+ Bd7 10. Nxd7 Qxd7 11. Qxd7+ Kxd7 12. dxc5 Bxc5 13. Be2 e5 14. O-O
Kc7 15. Bc4 Rhf8 16. Re1 Ng4 17. Re2 Rad8 18. Bb3 Rd6 19. Bg5 f6 20. Bh4 h5 21.
Bg3 Nh6 22. Bc2 g5 23. h4 Rg8 24. Rae1 gxh4 25. Bxh4 Rg4 26. g3 Rg7 27. Kg2 Ng4
28. Be4 b5 29. b4 Bb6 30. a4 bxa4 31. Ra1 f5 32. Bxf5 Nxf2 33. c4 Bd4 34. c5 Rh6
35. Rxa4 Nd1 36. Ra3 Nc3 37. Rc2 Nd5 38. b5 Ne3+ 39. Rxe3 Bxe3 40. b6+ Kb8 41.
Be4 Rg8 42. Be7 Rc8 43. Kf3 Bd4 44. Bg5 Rf8+ 45. Kg2 Re6 46. Rc4 a5 47. Kh3 Ree8
48. Bh6 Rf6 49. Bg5 Rff8 50. b7 Kc7 51. Bd2 1-0

[Event "Najdorf Mem Open A 2014"]
[Site "Warsaw POL"]
[Date "2014.07.14"]
[Round "1.15"]
[White "Stoma, Pawel"]
[Black "Kempinski, Robert"]
[Result "0-1"]
[BlackTitle "GM"]
[WhiteElo "2326"]
[BlackElo "2597"]
[WhiteFideId "1113569"]
[BlackFideId "1105663"]
[EventDate "2014.07.14"]

1. c4 g6 2. Nc3 Bg7 3. Nf3 d6 4. e3 e5 5. Be2 f5 6. O-O Nf6 7. Rb1 a5 8. a3 Nc6
9. b4 axb4 10. axb4 e4 11. Ne1 Be6 12. Qc2 O-O 13. Nb5 Qd7 14. d3 Kh8 15. Bd2
Qf7 16. c5 exd3 17. Nxd3 Ne4 18. Bc1 Ra2 19. Bb2 Bc4 20. Nxc7 Bxd3 21. Bxd3 Nxb4
22. Bxg7+ Kxg7 23. Qc4 Nxd3 24. Ne6+ Kf6 25. Qxa2 Qxe6 26. Qa1+ Qe5 27. Rxb7
Qxa1 28. Rxa1 dxc5 29. Ra6+ Ke5 30. f3 Nf6 31. Rbb6 Nh5 32. Kf1 Nb4 33. Ra5 Nd3
34. Ke2 Rd8 35. Kd2 Ndf4+ 36. Kc2 Ne6 37. Ra7 Nf6 38. Raa6 Nc7 39. Rxf6 Nxa6 40.
Rxa6 f4 41. exf4+ Kxf4 42. Re6 Rd4 43. Kc3 Ra4 44. Kb2 Rc4 45. Re7 h5 46. Kb3
Rc1 47. Re4+ Kf5 48. Re2 g5 49. Kb2 Rg1 50. Kc3 Rc1+ 51. Kd2 Rh1 52. Kd3 h4 53.
h3 Rc1 54. Kd2 Rc4 55. Ke3 Rc3+ 56. Kf2 Rc1 57. Ke3 Rc4 58. Kd3 Rd4+ 59. Kc3 Ra4
60. Kb3 Rb4+ 61. Kc3 Kf4 62. Re8 Ra4 63. Kb3 Rd4 64. Kc3 Rd1 65. Re4+ Kf5 66.
Rg4 Rd4 67. g3 hxg3 68. Rxg3 Rh4 69. Kd2 Kf4 70. Rg1 Rxh3 71. Rg4+ Kf5 72. Ke3
Rh4 73. Rg1 Rc4 74. Kd3 Rd4+ 75. Ke3 Rd6 76. Rg4 Rd4 77. Rg1 Rc4 78. Kd3 Ra4 79.
Rg3 Rd4+ 80. Kc3 Rd5 81. Rg4 Rd1 82. Rg3 Rd4 83. Rg1 Rh4 84. Kd3 Kf4 85. Ke2 c4
86. Rg2 c3 87. Rg1 c2 88. Kd2 Rh5 89. Rf1 Rh2+ 90. Kc1 Rg2 0-1

[Event "Najdorf Mem Open A 2014"]
[Site "Warsaw POL"]
[Date "2014.07.14"]
[Round "1.16"]
[White "Sandipan, Chanda"]
[Black "Przybylski, Wojciech"]
[Result "1-0"]
[WhiteTitle "GM"]
[BlackTitle "FM"]
[WhiteElo "2597"]
[BlackElo "2313"]
[WhiteFideId "5004225"]
[BlackFideId "1117599"]
[EventDate "2014.07.14"]

1. d4 d5 2. Nf3 Nf6 3. e3 c6 4. Be2 Bg4 5. Nbd2 e6 6. O-O Nbd7 7. b3 Bd6 8. Bb2
Qc7 9. c4 O-O 10. h3 Bh5 11. Rc1 Rfe8 12. g4 Bg6 13. Nh4 Be4 14. f4 g5 15. c5
Bf8 16. Ng2 Bh6 17. Nxe4 Nxe4 18. Bd3 gxf4 19. Bxe4 dxe4 20. exf4 Bg7 21. Qe2 f5
22. gxf5 exf5 23. Ne3 Rf8 24. d5 Rf7 25. d6 Qd8 26. Bxg7 Rxg7+ 27. Kh2 Qf6 28.
Rg1 Rg6 29. Qh5 Rf8 30. Rc2 Rxg1 31. Kxg1 Kh8 32. Kh2 Qd4 33. Nxf5 Qd5 34. Ng3
Qxh5 35. Nxh5 Rf5 36. Ng3 Rxf4 37. Rc4 Rf2+ 38. Kg1 e3 39. Re4 Nxc5 40. Rxe3 Rf7
41. Nh5 Kg8 42. b4 Nd7 43. Re8+ Nf8 44. Ra8 a6 45. Rb8 b6 46. Rc8 c5 47. bxc5
bxc5 48. d7 Rxd7 49. Nf6+ Kf7 50. Rxf8+ 1-0

[Event "Najdorf Mem Open A 2014"]
[Site "Warsaw POL"]
[Date "2014.07.14"]
[Round "1.17"]
[White "Bednarek, Sylwester"]
[Black "Vovk, Yuri"]
[Result "0-1"]
[WhiteTitle "FM"]
[BlackTitle "GM"]
[WhiteElo "2311"]
[BlackElo "2591"]
[WhiteFideId "1101811"]
[BlackFideId "14113171"]
[EventDate "2014.07.14"]

1. d4 Nf6 2. Bg5 d5 3. Bxf6 exf6 4. e3 Bd6 5. c4 dxc4 6. Bxc4 O-O 7. Nc3 f5 8.
Qf3 Nd7 9. Nge2 Nf6 10. O-O a6 11. Rfd1 Rb8 12. Rac1 g6 13. Bb3 Kg7 14. Nf4 Re8
15. g3 Bd7 16. Na4 Bc6 17. Rxc6 bxc6 18. Qxc6 Bxf4 19. exf4 Qd6 20. Qc4 Rb4 21.
Qxf7+ Kh6 22. Rc1 Rxd4 23. Rxc7 Rd2 24. Qg7+ Kh5 25. Kg2 Rxf2+ 26. Kh3 h6 27.
Rc5 Qxc5 0-1

[Event "Najdorf Mem Open A 2014"]
[Site "Warsaw POL"]
[Date "2014.07.14"]
[Round "1.18"]
[White "Durarbayli, Vasif"]
[Black "Obrusnik, Michal"]
[Result "1-0"]
[WhiteTitle "GM"]
[WhiteElo "2590"]
[BlackElo "2306"]
[WhiteFideId "13402935"]
[BlackFideId "1136674"]
[EventDate "2014.07.14"]

1. e4 c5 2. Nf3 d6 3. d4 cxd4 4. Nxd4 Nf6 5. Nc3 a6 6. Bg5 Nbd7 7. Qe2 Qc7 8.
O-O-O e6 9. g4 Be7 10. Bg2 h6 11. Bd2 Ne5 12. g5 hxg5 13. Bxg5 Bd7 14. f4 Nc4
15. h4 O-O-O 16. Bf1 Nb6 17. Qf3 Ng8 18. f5 e5 19. Nb3 Bxg5+ 20. hxg5 Rxh1 21.
Qxh1 f6 22. Qh7 Bc6 23. Na5 fxg5 24. Nxc6 Nf6 25. Qg6 Qxc6 26. Qxg7 Nxe4 27. Bg2
d5 28. Bxe4 dxe4 29. Rxd8+ Kxd8 30. Qxg5+ Kc7 31. f6 Nd7 32. f7 Qe6 33. Qg7 Qf5
34. b3 Kd6 35. Qg8 e3 36. Kb2 e4 37. Qe8 Kc7 38. Qe7 Kc6 39. Nxe4 b5 40. Qd6+
Kb7 41. Qxd7+ 1-0

[Event "Najdorf Mem Open A 2014"]
[Site "Warsaw POL"]
[Date "2014.07.14"]
[Round "1.19"]
[White "Bartel, Michal"]
[Black "Zhigalko, Andrey"]
[Result "1/2-1/2"]
[WhiteTitle "FM"]
[BlackTitle "GM"]
[WhiteElo "2296"]
[BlackElo "2585"]
[WhiteFideId "1119257"]
[BlackFideId "13502247"]
[EventDate "2014.07.14"]

1. e4 c5 2. Nf3 Nc6 3. Bb5 Nf6 4. e5 Nd5 5. O-O Nc7 6. a4 g6 7. c3 a6 8. Bxc6
dxc6 9. d4 cxd4 10. Nxd4 Bg7 11. Qe2 c5 12. Nf3 Ne6 13. Na3 Rb8 14. Nc4 b5 15.
axb5 axb5 16. Na5 Qc7 17. b4 O-O 18. Qe4 Bd7 19. Be3 Rfc8 20. Rfd1 Be8 21. h3 h6
22. Rd5 cxb4 23. cxb4 Qc2 24. Qh4 g5 25. Qg4 h5 26. Qg3 Qe4 27. Rad1 Qxb4 28.
Nxg5 h4 29. Qg4 Qxg4 30. hxg4 b4 31. Rb1 Nc7 32. Rc5 Na6 33. Rxc8 Rxc8 34. f4
Bd7 35. Bd2 Rc5 36. Nb3 Rc2 37. Ra1 Bc8 38. Nf3 f6 39. Nfd4 Rc4 40. Nf5 Bf8 41.
e6 Nc7 42. Na5 Rc2 43. Bxb4 Nxe6 44. Rf1 Kf7 45. Nxh4 Nd4 46. g5 Rb2 47. Ba3 Ra2
48. Bb4 Ra4 49. Bd2 e5 50. Kh2 Bd6 51. gxf6 exf4 52. Bxf4 Nf3+ 53. Rxf3 Bxf4+
54. g3 Bb8 55. Nc6 Bf4 56. Na5 Bb8 57. Ng6 Ra2+ 58. Kh1 Kxg6 59. f7 Bd6 60. f8=Q
Bxf8 61. Rxf8 Be6 62. Kg1 Rxa5 63. Kf2 Kg5 64. Rf4 Ra2+ 65. Kf1 Bh3+ 66. Ke1 Rg2
67. Rf3 Kg4 68. Ra3 Rb2 69. Re3 Rh2 70. Kd1 Bg2 71. Kd2 Bf3+ 72. Kd3 Kxg3 73.
Kd4 Kf4 74. Re8 Rd2+ 75. Kc3 Rd7 76. Kc4 Be4 77. Kc5 Rc7+ 78. Kd4 Rd7+ 79. Kc5
Ke3 80. Re6 Rd8 81. Ra6 Rc8+ 82. Kd6 Bd3 83. Ra4 Bc4 84. Ra1 Bb3 85. Rh1 Bc2 86.
Rc1 Kd4 87. Rg1 Ra8 88. Rc1 Ra6+ 89. Kc7 Be4 90. Rg1 Rc6+ 91. Kd7 Rh6 92. Kc7
Ke5 93. Rg5+ Bf5 94. Rg1 Rh2 95. Rc1 Kd5 96. Rd1+ Kc5 97. Rc1+ Bc2 98. Kd7 Re2
99. Kc7 Kd5 100. Rh1 Re7+ 101. Kb6 Re6+ 102. Kb5 Bd3+ 103. Kb4 Kd4 104. Rh4+ Be4
105. Rh5 Rb6+ 106. Rb5 Rc6 107. Rh5 Rc4+ 108. Kb5 Rc1 109. Kb6 Rb1+ 110. Rb5 Rh1
111. Rb4+ Kd5 112. Rb2 Rh6+ 113. Kb5 Bd3+ 114. Kb4 Kd4 115. Rg2 Rb6+ 116. Ka5
Rb5+ 117. Ka4 Kc3 118. Rg4 Rh5 119. Ka3 Re5 120. Rh4 1/2-1/2

[Event "Najdorf Mem Open A 2014"]
[Site "Warsaw POL"]
[Date "2014.07.14"]
[Round "1.20"]
[White "Duda, Jan-Krzysztof"]
[Black "Adamski, Jan"]
[Result "1-0"]
[WhiteTitle "GM"]
[BlackTitle "IM"]
[WhiteElo "2580"]
[BlackElo "2293"]
[WhiteFideId "1170546"]
[BlackFideId "1100190"]
[EventDate "2014.07.14"]

1. e4 c5 2. Nf3 e6 3. d4 cxd4 4. Nxd4 a6 5. Bd3 Nf6 6. O-O d6 7. c4 Bd7 8. Nc3
Nc6 9. Be3 Ne5 10. Be2 Rc8 11. f4 Nxc4 12. Bxc4 Rxc4 13. e5 Ng8 14. f5 d5 15.
fxe6 Bxe6 16. Nxe6 fxe6 17. Qh5+ g6 18. Qf3 Qe7 19. Bg5 Qg7 20. Nxd5 exd5 21.
Qxd5 Qc7 22. Qe6+ Be7 23. Qf7+ Kd7 24. Rad1+ Kc8 25. Qe8+ 1-0

[Event "Najdorf Mem Open A 2014"]
[Site "Warsaw POL"]
[Date "2014.07.14"]
[Round "1.21"]
[White "Shvayger, Yuliya"]
[Black "Heberla, Bartlomiej"]
[Result "1/2-1/2"]
[WhiteTitle "WIM"]
[BlackTitle "GM"]
[WhiteElo "2287"]
[BlackElo "2578"]
[WhiteFideId "14100126"]
[BlackFideId "1115120"]
[EventDate "2014.07.14"]

1. e4 c5 2. Nf3 e6 3. Nc3 d6 4. d4 cxd4 5. Qxd4 a6 6. Bg5 Nc6 7. Qa4 Be7 8. Bxe7
Nxe7 9. O-O-O O-O 10. e5 d5 11. Bd3 Ng6 12. Bxg6 fxg6 13. h4 h6 14. Qg4 Qe8 15.
Ne2 Qf7 16. Kb1 Bd7 1/2-1/2

[Event "Najdorf Mem Open A 2014"]
[Site "Warsaw POL"]
[Date "2014.07.14"]
[Round "1.22"]
[White "Piorun, Kacper"]
[Black "Vaarala, Eric"]
[Result "1-0"]
[WhiteTitle "GM"]
[WhiteElo "2577"]
[BlackElo "2282"]
[WhiteFideId "1130420"]
[BlackFideId "1711962"]
[EventDate "2014.07.14"]

1. e4 c5 2. Nf3 e6 3. d3 Nc6 4. g3 d6 5. Bg2 Nf6 6. O-O Be7 7. Nc3 O-O 8. Ng5
Nd4 9. f4 e5 10. h3 Rb8 11. a4 a6 12. Kh2 b5 13. axb5 axb5 14. Ne2 Nxe2 15. Qxe2
Bd7 16. Nf3 Qc7 17. g4 exf4 18. Bxf4 Bc6 19. Qf2 Ra8 20. Qxc5 dxc5 21. Bxc7 Rfc8
22. Bg3 Nd7 23. g5 Nb6 24. Ne5 Be8 25. h4 Rd8 26. Ng4 Na4 27. e5 Rac8 28. b3 Nc3
29. e6 Ne2 30. Be5 Bd6 31. exf7+ Bxf7 32. Ra7 Bxe5+ 33. Nxe5 Bd5 34. Bxd5+ Rxd5
35. Nc6 Kh8 1-0